| 000 | 01179nam a22003017a 4500 | ||
|---|---|---|---|
| 001 | 4943 | ||
| 003 | FISKH | ||
| 005 | 20241025153921.0 | ||
| 008 | 241025b cb ||||| |||| 00| 0 eng d | ||
| 020 | _a9780439944038 | ||
| 040 |
_aFISKH _beng _cFISKH _dFISKH |
||
| 050 | _aDT61.D358 | ||
| 082 | _a932 | ||
| 100 | _aDeary, Terry | ||
| 245 |
_aThe Awesome Egyptians / _cby Terry Deary & Peter Hepplewhite : illustrated by Martin Brown |
||
| 250 | _aThis edition published 2007 | ||
| 260 |
_aNew York : _bScholastic ; _c1993 . |
||
| 300 |
_a139 pages : _billustrations ; _c20 cm . |
||
| 490 | _a Horrible Histories | ||
| 505 | _aU | ||
| 520 | _aDiscover all the foul facts about the Awful Egyptians with history's most horrible headlines. All the Awful Egyptians' most horrible facts ready for readers to uncover, including: Why the Egyptian people worshipped a dung beetle, Which pharaoh married her grandfather, and what the 'Shepherd of the Royal Backside' had to do! | ||
| 521 | 8 |
_a820
_bLexile |
|
| 521 | 8 |
_aU
_bRaz-Plus |
|
| 650 |
_aAncient Egypt _vnon-fiction |
||
| 700 |
_aBrown, Martin _eillustrator |
||
| 942 |
_2ddc _cBK _n0 |
||
| 999 |
_c4943 _d4943 |
||